| 000 | 00492nam a2200169Ia 4500 | ||
|---|---|---|---|
| 999 |
_c6052 _d6052 |
||
| 003 | OSt | ||
| 005 | 20200122155839.0 | ||
| 008 | 190216s9999||||xx |||||||||||||| ||und|| | ||
| 020 | _a9788178083056 | ||
| 040 | _coclc | ||
| 082 |
_a658.3 _bGRE/S |
||
| 100 |
_aGreer, Charles R _91376 |
||
| 245 | 0 |
_aStrategic Human Resource Management / _cCharles R Greer |
|
| 260 |
_bPearson Education, _c2001. _aDelhi: |
||
| 300 | _a348p | ||
| 942 |
_cBK _2ddc _h658.3 _iGRE/S _k658.3 _mGRE/S |
||